000 00850nam a2200253Ia 4500
003 OSt
005 20220918171243.0
006 a|||||r|||| 00| 0
007 ta
008 220917b |||||||| |||| 00| 0 eng d
020 _a9781442279162 (pbk)
_cUKP 32.95
024 _a348,266
037 _bIN/ST/951, 13/02/2019, Satyam Book Pvt.Ltd.
_cTextual
040 _aARTS
_cARTS
_beng
041 _2eng
_aeng
082 _a2:(D65,8(B)), Q7
100 _aHamill Lois Au.
_935121
245 0 _aArchival arrangement and description
_b analog to digital
260 _aLanham
_bRowmsn and Littlefield Maryland
_c2017
300 _axv,197p.
_ccm.
650 _aDIGITAL LIBRARIES; LIBRARY SCIENCE
_927947
942 _h2:(D65,8(B)), Q7
_cTEXL
_2CC
999 _c138595
_d138595